000 01013nam a22002537a 4500
999 _c12937
_d12937
003 AR-CdUCM
008 190410b ||||| |||| 00| 0 spa d
020 _a978-9972-33-613-3
040 _aMUNICIPALIDAD PROVINCIAL DEL CUSCO
_cBIBLIOTECA MUNICIPAL DEL CUSCO
082 _a985.019 /
_bC962
_22ed.
100 _aCuba Gutiérrez, Cosme
_931073
245 _aMachupicchu en la historia de los inkas /
260 _aLima :
_bSupergráfica,
_c2010.
300 _a248 páginas ;
_bFotografías, ilustraciones,
_c24 cm.
500 _aSegunda Edición 2007, Primera Reimpresión 2010
505 _aContenido: Descripción de la ciudad inka y su entorno -- Los inkas y el Tawantinsuyo -- Historia de los inkas -- Crisis en el imperio -- La rebelión de Manko Inka ...
650 _aIncas
_9303
650 _aHistoria
_9136
650 _aMonumentos arqueológicos
_92013
650 _aPerú-Cusco
_95400
650 _aSantuario Histórico de Machu Picchu
_96214
942 _2ddc
_cLIBROS
945 _acmm
_d2019-04-10